000 01796naa a2200433 i 4500
003 EG-GICUC
005 20260121101438.0
008 251207s1927 fr o|||fr|||| 001 0 fre d
040 _aEG-GiCUC
_bfre
_cEG-GiCUC
_dEG-GiCUC
_eRda
041 _afre
082 0 4 _221
_a341.1
_bRE
092 0 4 _221
099 _aLaw1 11 341.1 RE 1927
245 0 0 _aRecueil des cours.
_n1925, Tome 10.
264 1 _aParis :
_bHachette,
_c1927.
300 _a617 page :
_bPhotographs ;
_c24 cm.
336 _2rda contenu
_a texte
337 _2rda medias
_aOrdinateur
338 _2 transporteur rda
_a Ressource en ligne
490 1 _aAcadémie de droit international ;
_v1925, t.10.
500 _a"1925 V."
500 _aAt head of title: Académie de droit international.
504 _aIncludes bibliographical references and index.
505 _aContient les cours de l'Académie y compris :
_tLa condition juridique des navires de commerce /
_rpar Prospero Fedozzi --
_tLa justice pénale internationale /
_rpar Quintiliano Saldaña --
_t Effets et exécution des jugements étrangers /
_rpar Henry De Cock --
_tDroits et devoirs des nations, théorie classique des droits fondamentaux des États /
_rpar Gilbert Gidel.
546 _aTexte en français
650 1 4 _aDroit international
650 1 _aDroit de la mer
650 1 _aMarine marchande.
651 1 _2qrmak
700 1 _aFedozzi, Prospero,
_d1872-1934,
_eAuteur
700 1 _aSaldaña, Quintiliano,
_d1878-1938,
_eAuteur
700 1 _aCock, Henry de,
_eAuteur
700 1 _aGidel, Gilbert,
_eAuteur
_d1880-1958,
710 _aACADÉMIE DE DROIT INTERNATIONAL.
830 0 _arecueil des cours ;
_v1925, Tome 10.
856 4 0 _uhttps://fll.law.cu.edu.eg/fulltext/bks/B11-05207.pdf
905 _a75
_eHassnaa
942 _2ddc
_n0
_cBK
_e21
999 _c48933
_d48933